000 00404nam a2200169Ia 4500
008 230524s9999 xx 000 0 und d
020 _a8121918014
082 _a381.142
_bKHA
100 _aS.S.Khanka
245 0 _aEntrepreneurial Development
250 _a4TH
260 _aNEW DELHI
_bS.Chand
_c2009
300 _aXIV;405
500 _aQuantity Number: 181
650 _aManagement
942 _cBK
999 _c42125
_d42125